[Event "LXI Lega superiore camp. russo"]
[Site "Novokuznetsk RUS"]
[Date "2008.09.10"]
[Round "7"]
[White "Maslak, K."]
[Black "Volkov, Sergey1"]
[Result "1-0"]
[WhiteElo "2521"]
[BlackElo "2636"]
[PlyCount "132"]
[EventDate "2008.09.03"]
[Source "www.chesslib.no"]
[SourceDate "2004.05.04"]

1. e4 e6 2. d4 d5 3. Nd2 Nf6 4. e5 Nfd7 5. Bd3 c5 6. c3 Nc6 7. Ne2 cxd4 8. cxd4 f6 9. exf6 Nxf6 10. O-O Bd6 11. Nf3 O-O 12. Bf4 Bxf4 13. Nxf4 Ne4 14. Qc1 Ng5 15. Nxg5 Qxg5 16. Bxh7+ Kxh7 17. Nxe6 Qf6 18. Nxf8+ Qxf8 19. Qg5 Qf5 20. Qh4+ Kg8 21. Rae1 Bd7 22. Re3 Qg4 23. Qxg4 Bxg4 24. Rfe1 Bh5 25. f3 Rf8 26. Rd1 Rf4 27. Kf2 g5 28. Rb3 Rf7 29. Rb5 Rd7 30. g4 Bg6 31. Rd2 Bb1 32. a3 Ba2 33. b3 a6 34. Rb6 Bb1 35. b4 Ne7 36. b5 a5 37. Re2 Kf7 38. Re5 Ng6 39. Rxg5 Nf4 40. Ke3 Ng2+ 41. Kd2 Rc7 42. Re5 Bg6 43. g5 Kg7 44. Rf6 a4 45. b6 Rd7 46. Rfe6 Kf7 47. Rf6+ Kg7 48. Ke2 Bc2 49. Kf2 Nh4 50. Kg3 Ng6 51. Re2 Bb1 52. Re1 Bd3 53. Re3 Bc4 54. h4 Ne7 55. h5 Nc6 56. h6+ Kh7 57. Kg4 Bb3 58. Kh5 Bc2 59. g6+ Bxg6+ 60. Rxg6 Nxd4 61. Rg7+ Rxg7 62. hxg7 Nb5 63. Re7 Nxa3 64. Rxb7 Nc4 65. Rb8 Kxg7 66. b7 Nd6 1-0

[Event "4th IECC"]
[Site "Istanbul"]
[Date "2003.06.08"]
[Round "9"]
[White "Kotronias, Vasilios"]
[Black "Iljushin, Alexei"]
[Result "1-0"]
[WhiteElo "2597"]
[BlackElo "2556"]
[PlyCount "76"]
[EventDate "2003.05.30"]
[Source "Roberto Alvarez"]
[SourceDate "2003.06.23"]

1. e4 e6 2. d4 d5 3. Nd2 Nf6 4. e5 Nfd7 5. c3 c5 6. Bd3 Nc6 7. Ne2 cxd4 8. cxd4 f6 9. exf6 Nxf6 10. Nf3 Bd6 11. O-O Qc7 12. Bg5 O-O 13. Bh4 Nh5 14. Nc3 a6 15. Rc1 g6 16. Na4 Bd7 17. Nc5 Rfe8 18. b4 Bc8 19. b5 axb5 20. Bxb5 Nf4 21. Bg3 Re7 22. Re1 Qa5 23. Bxc6 bxc6 24. a4 Rd7 25. Ne5 Bxe5 26. Rxe5 Rf7 27. Qe1 Qxe1+ 28. Rexe1 Nh5 29. Bd6 Ra5 30. Be5 Nf6 31. Bxf6 Rxf6 32. g3 Rf7 33. Rb1 Ra6 34. Rb8 Rf8 35. Re3 Bd7 36. Reb3 Rxb8 37. Rxb8+ Kf7 38. Rb6 Ke7 1-0

[Event "Corr"]
[Site "?"]
[Date "1999.06.30"]
[Round "?"]
[White "Hamarat Tunc (AUT)"]
[Black "Kluve Siegfried (GER)"]
[Result "1-0"]
[WhiteElo "2603"]
[BlackElo "2550"]
[PlyCount "119"]
[EventDate "1999.??.??"]
[Source "www.chesslib.no"]
[SourceDate "2004.05.04"]

1. e4 e6 2. d4 d5 3. Nd2 Nf6 4. e5 Nfd7 5. c3 c5 6. Bd3 Nc6 7. Ne2 cxd4 8. cxd4 f6 9. exf6 Qxf6 10. Nf3 h6 11. O-O Bd6 12. Bb1 O-O 13. Ng3 Rd8 14. Re1 Nf8 15. Ne5 Bd7 16. Nh5 Qe7 17. Ng4 e5 18. dxe5 Bxg4 19. exd6 Qe5 20. Rxe5 Bxd1 21. Rxd5 Bxh5 22. Rxh5 Rxd6 23. Bc2 Nd4 24. Be4 Rad8 25. Kf1 Nh7 26. Bf4 R6d7 27. Be5 Ng5 28. Bg6 Nc6 29. Bc3 Rd6 30. Bc2 Nd4 31. Bd3 b5 32. h4 Nge6 33. Be4 Kf7 34. Re1 a6 35. g3 Nc6 36. a3 Ned4 37. Rc5 R8d7 38. f4 Ne7 39. Kf2 Re6 40. h5 Red6 41. Bg2 Ra7 42. Bh3 Ndc6 43. Rc1 Rd8 44. Bg4 Rd6 45. Rd1 Rxd1 46. Bxd1 Nb8 47. Bb3+ Kf8 48. Re5 Nd7 49. Re2 Nc5 50. Bc2 Rd7 51. Bb4 Rc7 52. Re5 Nb7 53. Be4 Nd8 54. Bd5 Rd7 55. Ke3 Ra7 56. Kd4 Rd7 57. Bxe7+ Rxe7 58. Rxe7 Kxe7 59. b4 Kd6 60. g4 1-0

[Event "Apeldoorn op"]
[Site "?"]
[Date "2001.09.14"]
[Round "?"]
[White "Tiviakov Sergei"]
[Black "Dgebuadze Alexandre"]
[Result "1/2-1/2"]
[WhiteElo "2597"]
[BlackElo "2550"]
[PlyCount "31"]
[EventDate "2001.??.??"]
[Source "www.chesslib.no"]
[SourceDate "2004.05.04"]

1. e4 e6 2. d4 d5 3. Nd2 Nf6 4. e5 Nfd7 5. c3 c5 6. Bd3 Nc6 7. Ne2 cxd4 8. cxd4 f6 9. exf6 Nxf6 10. O-O Bd6 11. Nf3 Qc7 12. Bg5 O-O 13. Rc1 Bd7 14. Ne1 Ng4 15. h3 Nf6 16. Nc3 1/2-1/2

[Event "Leon 83/(248)"]
[Site "?"]
[Date "2001.??.??"]
[Round "?"]
[White "Sermek, D."]
[Black "Hertneck, G."]
[Result "1/2-1/2"]
[WhiteElo "2577"]
[BlackElo "2570"]
[PlyCount "51"]
[EventDate "2001.??.??"]
[Source "Chess Informant"]
[SourceDate "2001.10.01"]

1. e4 e6 2. d4 d5 3. Nd2 Nf6 4. Bd3 c5 5. e5 Nfd7 6. c3 Nc6 7. Ne2 cxd4 8. cxd4 f6 9. exf6 Qxf6 10. Nf3 h6 11. O-O Bd6 12. Ng3 O-O 13. Bc2 Rd8 14. Re1 Nf8 15. Ne5 Bxe5 16. dxe5 Qh4 17. f4 Bd7 18. Be3 Be8 19. Bc5 Rac8 20. Bxf8 Kxf8 21. Kh1 g6 22. Qd2 Kg7 23. Rad1 Rc7 24. a3 Bf7 25. Kg1 Rdc8 26. Bb1 1/2-1/2

[Event "Chalkhidiki"]
[Site "?"]
[Date "1992.??.??"]
[Round "?"]
[White "Kotronias, Vasilios"]
[Black "Ulibin, Mikhail"]
[Result "0-1"]
[WhiteElo "2560"]
[BlackElo "2585"]
[PlyCount "59"]
[EventDate "1992.??.??"]
[Source "www.chesslib.no"]
[SourceDate "2004.05.04"]

1. e4 e6 2. d4 d5 3. Nd2 Nf6 4. e5 Nfd7 5. c3 c5 6. Bd3 Nc6 7. Ne2 cxd4 8. cxd4 f6 9. exf6 Nxf6 10. Nf3 Bd6 11. O-O O-O 12. Bf4 Bxf4 13. Nxf4 Ne4 14. g3 Qf6 15. h4 h6 16. Bxe4 dxe4 17. Ne5 Rd8 18. Nxc6 bxc6 19. Qc2 g5 20. hxg5 hxg5 21. Ne2 Qf3 22. Qd2 Kf7 23. Qxg5 Rh8 24. Qf4+ Ke7 25. Qxf3 exf3 26. Nf4 Rh7 27. Nd3 Ba6 28. Ne5 Bxf1 29. Rxf1 Kd6 30. Nxf3 0-1

[Event "8. Open"]
[Site "?"]
[Date "1997.01.19"]
[Round "9"]
[White "Kotronias Vasilios"]
[Black "Ulibin Mikhail"]
[Result "1/2-1/2"]
[WhiteElo "2590"]
[BlackElo "2555"]
[PlyCount "55"]
[EventDate "1997.??.??"]
[Source "www.chesslib.no"]
[SourceDate "2004.05.04"]

1. e4 e6 2. d4 d5 3. Nd2 Nf6 4. e5 Nfd7 5. c3 c5 6. Bd3 Nc6 7. Ne2 cxd4 8. cxd4 f6 9. exf6 Qxf6 10. Nf3 h6 11. Bf4 Bb4+ 12. Bd2 Bd6 13. O-O O-O 14. Rc1 Rd8 15. Bb5 Ndb8 16. Qb3 a6 17. Bd3 Nd7 18. Rfe1 Nf8 19. Bb1 Bd7 20. Qe3 Bb8 21. Bc3 Ng6 22. Bxg6 Qxg6 23. Nf4 Qf5 24. Nd3 Bd6 25. Nde5 Bxe5 26. Nxe5 Nxe5 27. Qxe5 Qxe5 28. dxe5 1/2-1/2

[Event "Montreal"]
[Site "Montreal"]
[Date "2001.08.12"]
[Round "10"]
[White "Rozentalis, Eduardas"]
[Black "Kosyrev, Vladimir"]
[Result "1/2-1/2"]
[WhiteElo "2588"]
[BlackElo "2554"]
[PlyCount "44"]
[EventDate "2001.08.02"]
[Source "ChessBase"]
[SourceDate "2001.11.13"]

1. e4 e6 2. d4 d5 3. Nd2 Nf6 4. e5 Nfd7 5. Bd3 c5 6. c3 cxd4 7. cxd4 Nc6 8. Ne2 f6 9. exf6 Nxf6 10. Nf3 Bd6 11. O-O O-O 12. Bg5 Qc7 13. Rc1 Bd7 14. a3 Rae8 15. b4 a6 16. Ng3 Bf4 17. Bxf4 Qxf4 18. b5 axb5 19. Bxb5 Qd6 20. a4 Na5 21. Ne5 Bxb5 22. axb5 Nd7 1/2-1/2

[Event "4th IECC"]
[Site "Istanbul"]
[Date "2003.06.13"]
[Round "13"]
[White "Pavasovic, Dusko"]
[Black "Iljushin, Alexei"]
[Result "1/2-1/2"]
[WhiteElo "2584"]
[BlackElo "2556"]
[PlyCount "73"]
[EventDate "2003.05.30"]
[Source "Roberto Alvarez"]
[SourceDate "2003.06.23"]

1. e4 e6 2. d4 d5 3. Nd2 Nf6 4. e5 Nfd7 5. Bd3 c5 6. c3 Nc6 7. Ne2 cxd4 8. cxd4 f6 9. exf6 Nxf6 10. O-O Bd6 11. Nf3 Qc7 12. Bg5 O-O 13. Rc1 Bd7 14. Ng3 h6 15. Bd2 Qb6 16. Bc3 Bf4 17. Rc2 Be8 18. Re2 Bf7 19. Bb1 Rfe8 20. Ne5 Bxe5 21. dxe5 Nd7 22. Kh1 d4 23. Bxd4 Nxd4 24. Rd2 Nxe5 25. Rxd4 Qxb2 26. f4 Ng6 27. Rd7 Nf8 28. Rd2 Qb6 29. f5 Rad8 30. f6 Rxd2 31. Qxd2 Rd8 32. Qc1 g5 33. h4 Rd4 34. Ne4 Bg6 35. f7+ Kg7 36. Qc3 e5 37. Qg3 1/2-1/2

[Event "Kecskemet op1"]
[Site "?"]
[Date "1990.??.??"]
[Round "5"]
[White "Leko Peter"]
[Black "Arkhipov Sergey"]
[Result "0-1"]
[WhiteElo "2600"]
[BlackElo "2540"]
[PlyCount "100"]
[EventDate "1990.??.??"]
[Source "www.chesslib.no"]
[SourceDate "2004.05.04"]

1. e4 e6 2. d4 d5 3. Nd2 Nf6 4. e5 Nfd7 5. Bd3 c5 6. c3 Nc6 7. Ne2 cxd4 8. cxd4 f6 9. exf6 Nxf6 10. Nf3 Bd6 11. O-O O-O 12. Bf4 Bxf4 13. Nxf4 Ne4 14. Nh5 Qb6 15. b3 g6 16. Ng3 Nxg3 17. hxg3 Nxd4 18. Ne5 Nc6 19. Qe2 Nxe5 20. Qxe5 Bd7 21. Rae1 Rf7 22. Re3 Rc8 23. g4 Qc7 24. Qb2 Qf4 25. Rg3 e5 26. Rf3 Qg5 27. Rxf7 Kxf7 28. Qa3 Qe7 29. Qxa7 Bxg4 30. Re1 e4 31. f3 Qb4 32. Qe3 exf3 33. gxf3 Bd7 34. Qe5 Qb6+ 35. Kg2 Qe6 36. Qf4+ Qf6 37. Qh6 Kg8 38. Rh1 Qf7 39. Kf2 Rf8 40. Qe3 Bg4 41. Be2 Re8 42. Qc3 Bf5 43. Qd4 Qe6 44. Re1 h5 45. a4 Kh7 46. a5 g5 47. b4 h4 48. Qd2 Qe5 49. Rg1 g4 50. fxg4 Be4 0-1

[Event "Calvia (ol)"]
[Site "?"]
[Date "2004.??.??"]
[Round "?"]
[White "Tiviakov, S."]
[Black "Berg, E."]
[Result "1/2-1/2"]
[WhiteElo "2615"]
[BlackElo "2525"]
[PlyCount "79"]
[EventDate "2004.??.??"]
[Source "Chess Informant"]
[SourceDate "2004.10.01"]

1. e4 e6 2. d4 d5 3. Nd2 Nf6 4. e5 Nfd7 5. c3 c5 6. Bd3 Nc6 7. Ne2 cxd4 8. cxd4 f6 9. exf6 Nxf6 10. O-O Bd6 11. Nf3 Qc7 12. Bg5 O-O 13. Rc1 h6 14. Bh4 Nh5 15. Bg3 Nxg3 16. Nxg3 Qf7 17. Bb1 g5 18. Qd3 Bd7 19. a3 Rae8 20. Rce1 Re7 21. h3 Be8 22. Re3 Qg7 23. Rfe1 Rxf3 24. gxf3 Nxd4 25. Rd1 e5 26. Ba2 Bf7 27. Ne2 Bc5 28. Nxd4 Bxd4 29. Qxd4 exd4 30. Rxe7 Qf6 31. Rxb7 Qxf3 32. Rxd4 Qxh3 33. Rxa7 Qf5 34. Rb7 h5 35. Ra4 h4 36. Ra8+ Kg7 37. Raa7 Qg4+ 38. Kh2 Qf4+ 39. Kg1 Qg4+ 40. Kh2 1/2-1/2

[Event "TCh-RUS"]
[Site "Togliatti"]
[Date "2003.05.25"]
[Round "10"]
[White "Timofeev, Artyom"]
[Black "Ulibin, Mikhail"]
[Result "1-0"]
[WhiteElo "2577"]
[BlackElo "2562"]
[PlyCount "81"]
[EventDate "2003.05.16"]
[Source "Roberto Alvarez"]
[SourceDate "2003.05.26"]

1. e4 e6 2. d4 d5 3. Nd2 Nf6 4. e5 Nfd7 5. Bd3 c5 6. c3 Nc6 7. Ne2 cxd4 8. cxd4 f6 9. exf6 Nxf6 10. Nf3 Bd6 11. O-O O-O 12. Bg5 Qb6 13. Nc3 Qxb2 14. Nb5 Ne4 15. a3 Rxf3 16. Bxe4 dxe4 17. Rb1 Qa2 18. gxf3 Qd5 19. Nxd6 Qxg5+ 20. Kh1 Qf4 21. Nxe4 Nxd4 22. Rg1 e5 23. Rg3 b6 24. Rc1 Bf5 25. Rc7 Bg6 26. Qa4 b5 27. Qa6 Rf8 28. Qb7 Nf5 29. Rh3 h6 30. Ng3 Kh8 31. Nxf5 Qxf5 32. Rg3 Bf7 33. Kg2 Kg8 34. Qxb5 Rd8 35. Rxa7 h5 36. h4 Qf4 37. Qb7 Rf8 38. Qe4 Qf6 39. Rg5 Re8 40. Qf5 Qxf5 41. Rxf5 1-0

[Event "Antalya op"]
[Site "?"]
[Date "2002.03.02"]
[Round "9"]
[White "Spasov Vasil V"]
[Black "Volkov Sergey"]
[Result "1/2-1/2"]
[WhiteElo "2571"]
[BlackElo "2567"]
[PlyCount "53"]
[EventDate "2002.??.??"]
[Source "www.chesslib.no"]
[SourceDate "2004.05.04"]

1. e4 e6 2. d4 d5 3. Nd2 Nf6 4. e5 Nfd7 5. c3 c5 6. Bd3 Nc6 7. Ne2 cxd4 8. cxd4 f6 9. exf6 Nxf6 10. Nf3 Bd6 11. O-O O-O 12. Bf4 Bxf4 13. Nxf4 Ne4 14. Qc1 Ng5 15. Nxg5 Qxg5 16. Ne2 Qf6 17. Qe3 a6 18. Rad1 Bd7 19. Nc3 Be8 20. Rfe1 Bh5 21. f3 Rae8 22. Bf1 Bf7 23. Qd2 h6 24. a3 Kh8 25. b4 Bg8 26. b5 axb5 27. Bxb5 1/2-1/2

[Event "Monarch Assurance 10th"]
[Site "Port Erin"]
[Date "2001.10.07"]
[Round "9"]
[White "Hebden, Mark"]
[Black "Gleizerov, Evgeny"]
[Result "0-1"]
[WhiteElo "2550"]
[BlackElo "2587"]
[PlyCount "80"]
[EventDate "2001.09.29"]
[Source "ChessBase"]
[SourceDate "2001.10.26"]

1. e4 e6 2. d4 d5 3. Nd2 Nf6 4. e5 Nfd7 5. Bd3 c5 6. c3 Nc6 7. Ne2 cxd4 8. cxd4 f6 9. exf6 Nxf6 10. O-O Bd6 11. Nf3 O-O 12. Bf4 Bxf4 13. Nxf4 Ne4 14. Ne2 Rxf3 15. gxf3 Ng5 16. Kh1 e5 17. Qb3 Kh8 18. Bb5 e4 19. fxe4 dxe4 20. Qg3 Nf3 21. Bxc6 bxc6 22. Rfd1 Be6 23. Ng1 Nh4 24. h3 Bd5 25. Kh2 Qf6 26. Rd2 Rf8 27. Rc2 Nf5 28. Qf4 Qe7 29. Qe5 Qh4 30. Rf1 Nxd4 31. Rd2 Nf3+ 32. Nxf3 Rxf3 33. Qe8+ Bg8 34. Qd7 e3 35. Re2 Qf4+ 36. Kg1 h6 37. b3 Bd5 38. Qg4 exf2+ 39. Rfxf2 Rg3+ 40. Kf1 Rxg4 0-1

[Event "Hofmann Cup"]
[Site "Baden-Baden GER"]
[Date "1995.??.??"]
[Round "4"]
[White "Luther, Thomas"]
[Black "Kindermann, Stefan E S"]
[Result "1/2-1/2"]
[WhiteElo "2550"]
[BlackElo "2585"]
[PlyCount "49"]
[EventDate "1995.??.??"]
[Source "www.chesslib.no"]
[SourceDate "2004.05.04"]

1. e4 e6 2. d4 d5 3. Nd2 Nf6 4. e5 Nfd7 5. Bd3 c5 6. c3 Nc6 7. Ne2 cxd4 8. cxd4 f6 9. Nf4 Nxd4 10. Qh5+ Ke7 11. Ng6+ hxg6 12. exf6+ Nxf6 13. Qxh8 Kf7 14. Qh4 e5 15. Nf3 Nxf3+ 16. gxf3 Bf5 17. Bxf5 gxf5 18. Bg5 Qa5+ 19. Kf1 Be7 20. Kg2 Rd8 21. Rhe1 d4 22. Rac1 d3 23. Qc4+ Qd5 24. Bxf6 Bxf6 25. Kf1 1/2-1/2

[Event "Formia Open"]
[Site "Formia"]
[Date "1995.??.??"]
[Round "?"]
[White "Tiviakov, Sergei"]
[Black "Drasko, Milan"]
[Result "1-0"]
[WhiteElo "2625"]
[BlackElo "2510"]
[PlyCount "115"]
[EventDate "1995.07.??"]
[Source "www.chesslib.no"]
[SourceDate "2004.05.04"]

1. e4 e6 2. d4 d5 3. Nd2 Nf6 4. e5 Nfd7 5. Bd3 c5 6. c3 Nc6 7. Ne2 cxd4 8. cxd4 f6 9. exf6 Qxf6 10. Nf3 h6 11. Qc2 Bd6 12. Bg6+ Ke7 13. O-O Rd8 14. Re1 Nb4 15. Qb1 Nf8 16. Bd3 Kf7 17. Bd2 Kg8 18. Ng3 Bd7 19. Ne5 Be8 20. Bc3 Rac8 21. a3 Nxd3 22. Qxd3 Ng6 23. Qe3 Nf8 24. Rad1 b6 25. Nf1 Rc7 26. Nd2 Rdc8 27. Ra1 a5 28. Qd3 Nd7 29. Ndf3 Bxe5 30. dxe5 Qg6 31. Qe3 Nc5 32. Nd4 Bd7 33. Rad1 Kh7 34. Ne2 Ba4 35. Rd4 Bb5 36. Nf4 Qf5 37. f3 Nb3 38. Rdd1 d4 39. Bxd4 Nxd4 40. Rxd4 Rc2 41. Rd6 Rxb2 42. Rxb6 Rc4 43. Ne2 Qg6 44. h3 Rcc2 45. Rxb5 Rxb5 46. Nf4 Qg3 47. Qd3+ Kg8 48. Qxb5 Qxe1+ 49. Kh2 Qc3 50. Qe8+ Kh7 51. Qg6+ Kh8 52. Qxe6 Qc8 53. Qf7 Rc7 54. Qd5 a4 55. e6 Rc5 56. Qe4 Qc7 57. e7 Re5 58. Ng6+ 1-0

[Event "Rotterdam NED"]
[Site "Rotterdam NED"]
[Date "1979.??.??"]
[Round "?"]
[White "Timman, Jan Hein"]
[Black "Farago, Ivan"]
[Result "1/2-1/2"]
[WhiteElo "2625"]
[BlackElo "2510"]
[PlyCount "75"]
[EventDate "1979.??.??"]
[Source "www.chesslib.no"]
[SourceDate "2004.05.04"]

1. e4 e6 2. d4 d5 3. Nd2 Nf6 4. e5 Nfd7 5. Bd3 c5 6. c3 Nc6 7. Ne2 cxd4 8. cxd4 f6 9. exf6 Nxf6 10. Nf3 Bd6 11. O-O Qb6 12. Nc3 O-O 13. a3 Bd7 14. Be3 Rae8 15. b4 Re7 16. Ne5 Be8 17. Rc1 Bh5 18. Qd2 Qd8 19. f4 Ng4 20. Nb5 Bxe5 21. fxe5 Rxf1+ 22. Bxf1 Nxe3 23. Qxe3 Rd7 24. Nd6 Bg6 25. Nxb7 Qb6 26. Nc5 Re7 27. Qc3 h6 28. b5 Na5 29. Na4 Qd8 30. Qb4 Kh7 31. Qd6 Rd7 32. Qxe6 Qg5 33. Rc3 Rf7 34. Qxd5 Qd2 35. Rf3 Rxf3 36. gxf3 Qe3+ 37. Kg2 Qd2+ 38. Kg1 1/2-1/2

[Event "Deutschland"]
[Site "?"]
[Date "1993.??.??"]
[Round "?"]
[White "Wahls, M."]
[Black "Hertneck, G."]
[Result "0-1"]
[WhiteElo "2520"]
[BlackElo "2615"]
[PlyCount "116"]
[EventDate "1993.??.??"]
[Source "ChessBase"]
[SourceDate "1994.02.01"]

1. e4 e6 2. d4 d5 3. Nd2 Nf6 4. e5 Nfd7 5. c3 c5 6. Bd3 Nc6 7. Ne2 cxd4 8. cxd4 f6 9. exf6 Nxf6 10. Nf3 Bd6 11. O-O O-O 12. Bf4 Bxf4 13. Nxf4 Ne4 14. Qc1 Ng5 15. Nxg5 Qxg5 16. Ne2 Qxc1 17. Raxc1 Bd7 18. Bb5 Rac8 19. Bxc6 Rxc6 20. Rxc6 Bxc6 21. Re1 Bb5 22. Nc3 Bd7 23. Kf1 Rf4 24. Rd1 Kf7 25. g3 Rf5 26. h4 Ke7 27. Ke2 g5 28. hxg5 Rxg5 29. Rh1 h5 30. Ke3 Kd6 31. Rh4 e5 32. dxe5+ Rxe5+ 33. Kd4 Bg4 34. f3 Bd7 35. f4 Rf5 36. Nd1 Be8 37. Ne3 Rf8 38. Nxd5 Bg6 39. Rh2 Re8 40. Nc3 Re1 41. f5 Bxf5 42. Rxh5 Bd7 43. Rh6+ Ke7 44. Rh7+ Ke6 45. Ne4 Rd1+ 46. Kc4 Rc1+ 47. Kb4 b6 48. Rg7 a5+ 49. Kb3 b5 50. Nc3 Kd6 51. Ne4+ Ke6 52. Rg5 Rc4 53. Nc3 a4+ 54. Nxa4 Rxa4 55. a3 Kd6 56. Rg6+ Kc5 57. Rg5+ Kd4 58. Rg4+ Bxg4 0-1

[Event "Match"]
[Site "Jakarta (Indonesia)"]
[Date "2007.02.12"]
[Round "6"]
[White "Megaranto Susanto (INA)"]
[Black "Zhang Zhong (CHN)"]
[Result "1/2-1/2"]
[WhiteElo "2517"]
[BlackElo "2618"]
[PlyCount "35"]
[EventDate "2007.??.??"]
[Source "www.chesslib.no"]
[SourceDate "2004.05.04"]

1. e4 e6 2. d4 d5 3. Nd2 Nf6 4. e5 Nfd7 5. Bd3 c5 6. c3 Nc6 7. Ne2 cxd4 8. cxd4 Qb6 9. Nf3 f6 10. exf6 Nxf6 11. O-O Bd6 12. Nc3 O-O 13. Bg5 Bd7 14. Re1 Kh8 15. Na4 Qa5 16. Nc3 Qb6 17. Na4 Qa5 18. Nc3 1/2-1/2

[Event "4th Open A"]
[Site "Moscow RUS"]
[Date "2008.02.06"]
[Round "5"]
[White "Kobalia, M."]
[Black "Kosyrev, V."]
[Result "1-0"]
[WhiteElo "2623"]
[BlackElo "2509"]
[PlyCount "69"]
[EventDate "2008.02.02"]
[Source "www.chesslib.no"]
[SourceDate "2004.05.04"]

1. e4 e6 2. d4 d5 3. Nd2 Nf6 4. e5 Nfd7 5. Bd3 c5 6. c3 Nc6 7. Ne2 cxd4 8. cxd4 f6 9. exf6 Qxf6 10. Nf3 h6 11. O-O Bd6 12. Ng3 O-O 13. Bc2 Rd8 14. Re1 Nf8 15. Ne5 Bd7 16. f4 Be8 17. Be3 Qh4 18. Rf1 Rac8 19. Rc1 Nb4 20. Bb1 Rxc1 21. Qxc1 Nc6 22. Qe1 Rc8 23. a3 a6 24. Rf3 Bh5 25. Rf2 Be8 26. Qf1 Ne7 27. f5 Bb5 28. Qd1 Bxe5 29. dxe5 exf5 30. Rf4 Qg5 31. Rf3 f4 32. Bxf4 Qh4 33. Nf5 Nxf5 34. Bxf5 Rd8 35. e6 1-0

[Event "Almelo NED"]
[Site "?"]
[Date "2005.03.26"]
[Round "4"]
[White "Timman Jan Hein"]
[Black "Stellwagen Daniel"]
[Result "1/2-1/2"]
[WhiteElo "2607"]
[BlackElo "2524"]
[PlyCount "54"]
[EventDate "2005.??.??"]
[Source "www.chesslib.no"]
[SourceDate "2004.05.04"]

1. e4 e6 2. d4 d5 3. Nd2 Nf6 4. e5 Nfd7 5. Bd3 c5 6. c3 Nc6 7. Ne2 cxd4 8. cxd4 f6 9. exf6 Nxf6 10. Nf3 Bd6 11. O-O Qc7 12. Bg5 O-O 13. Rc1 Nh5 14. Bd2 Rxf3 15. gxf3 Qe7 16. f4 Qh4 17. Kh1 Bd7 18. Rg1 Rf8 19. Qf1 Nxf4 20. Nxf4 Bxf4 21. Qg2 Rf7 22. Be3 Bd6 23. f4 Qf6 24. Rcd1 Ne7 25. Qg5 Nf5 26. Bd2 Qxg5 27. fxg5 g6 1/2-1/2

[Event "RUS-Cup"]
[Site "?"]
[Date "1998.??.??"]
[Round "9"]
[White "Dvoirys Semen I"]
[Black "Volkov Sergey"]
[Result "1/2-1/2"]
[WhiteElo "2585"]
[BlackElo "2545"]
[PlyCount "30"]
[EventDate "1998.??.??"]
[Source "www.chesslib.no"]
[SourceDate "2004.05.04"]

1. e4 e6 2. d4 d5 3. Nd2 Nf6 4. e5 Nfd7 5. c3 c5 6. Bd3 Nc6 7. Ne2 cxd4 8. cxd4 f6 9. exf6 Qxf6 10. O-O Bd6 11. Nf3 h6 12. Be3 O-O 13. Rc1 Rd8 14. Bb1 Nf8 15. Qd2 Bd7 1/2-1/2

[Event "Mind Sports Games - Blitz Ind"]
[Site "Pechino CINA"]
[Date "2008.10.04"]
[Round "9"]
[White "Kryvoruchko, Y."]
[Black "Kraai, J."]
[Result "1-0"]
[WhiteElo "2627"]
[BlackElo "2502"]
[PlyCount "129"]
[EventDate "2008.10.04"]
[Source "www.chesslib.no"]
[SourceDate "2004.05.04"]

1. e4 e6 2. d4 d5 3. Nd2 Nf6 4. e5 Nfd7 5. Bd3 c5 6. c3 Nc6 7. Ne2 cxd4 8. cxd4 f6 9. exf6 Nxf6 10. O-O Bd6 11. Nf3 Qc7 12. g3 e5 13. dxe5 Nxe5 14. Nxe5 Bxe5 15. Bf4 O-O 16. Re1 Bg4 17. Qd2 Bxf4 18. Nxf4 Rad8 19. Qb4 Rf7 20. Rac1 Qd6 21. Qd4 a6 22. h3 Bd7 23. Bf1 Bc6 24. Rcd1 Re7 25. Bg2 Rxe1+ 26. Rxe1 Ne4 27. Rd1 Nf6 28. h4 Kf7 29. Re1 Re8 30. Rd1 Rd8 31. Nd3 Re8 32. f4 Ng4 33. Bf3 Nf6 34. Ne5+ Kg8 35. g4 Rf8 36. g5 Ne8 37. Bxd5+ Bxd5 38. Qxd5+ Qxd5 39. Rxd5 Rxf4 40. Rd8 Kf8 41. Rb8 Rb4 42. b3 Ke7 43. Nc6+ bxc6 44. Rxb4 Nd6 45. Ra4 Nf5 46. Kf2 Kd6 47. Kf3 g6 48. Kg4 Ne3+ 49. Kh3 Nc2 50. Rxa6 Nb4 51. Ra7 c5 52. a3 Nc6 53. Rxh7 Nd4 54. Rh6 Nxb3 55. Rxg6+ Kd5 56. h5 c4 57. Rb6 Nc5 58. g6 c3 59. g7 c2 60. g8=Q+ Kd4 61. Rd6+ Ke3 62. Qc4 Ne4 63. Rd3+ Kf4 64. Rd4 Kf5 65. Rxe4 1-0

[Event "IV Open"]
[Site "Calvia ESP"]
[Date "2007.10.21"]
[Round "7"]
[White "Godena, M."]
[Black "Berg, E."]
[Result "1/2-1/2"]
[WhiteElo "2535"]
[BlackElo "2593"]
[PlyCount "80"]
[EventDate "2007.10.15"]
[Source "www.chesslib.no"]
[SourceDate "2004.05.04"]

1. e4 e6 2. d4 d5 3. Nd2 Nf6 4. e5 Nfd7 5. Bd3 c5 6. c3 Nc6 7. Ne2 cxd4 8. cxd4 f6 9. exf6 Nxf6 10. Nf3 Qc7 11. O-O Bd6 12. Bg5 O-O 13. Bh4 Nh5 14. Qc2 h6 15. Bh7+ Kh8 16. Bg6 Rxf3 17. Bxh5 Rf8 18. Bg3 Bd7 19. Rac1 Rf6 20. Qd2 Raf8 21. Rc3 Bxg3 22. hxg3 Qd6 23. Rf3 Rxf3 24. Bxf3 Qb4 25. Qxb4 Nxb4 26. Nf4 Rf6 27. Rc1 Nc6 28. Ne2 Kg8 29. Bg4 Kf8 30. f4 Ke7 31. Kf2 e5 32. Bxd7 Kxd7 33. dxe5 Nxe5 34. Rd1 Ng4+ 35. Kf3 Ne5+ 36. Kf2 Kc6 37. Nc3 Ng4+ 38. Kf3 Ne5+ 39. Kf2 Ng4+ 40. Kf3 Ne5+ 1/2-1/2

[Event "2. Open"]
[Site "?"]
[Date "2000.12.14"]
[Round "3"]
[White "Korneev Oleg"]
[Black "Moskalenko Viktor"]
[Result "1/2-1/2"]
[WhiteElo "2619"]
[BlackElo "2508"]
[PlyCount "85"]
[EventDate "2000.??.??"]
[Source "www.chesslib.no"]
[SourceDate "2004.05.04"]

1. e4 e6 2. d4 d5 3. Nd2 Nf6 4. e5 Nfd7 5. Bd3 c5 6. c3 Nc6 7. Ne2 cxd4 8. cxd4 f6 9. exf6 Nxf6 10. O-O Bd6 11. Nf3 O-O 12. Bf4 Bxf4 13. Nxf4 Ne4 14. Qc1 Ng5 15. Nxg5 Qxg5 16. Ne2 Qxc1 17. Raxc1 a6 18. a3 Bd7 19. f4 Rac8 20. g3 Na7 21. Rxc8 Rxc8 22. Rc1 Rxc1+ 23. Nxc1 Bb5 24. Kf2 Bxd3 25. Nxd3 b6 26. Ne5 Nc8 27. g4 Kf8 28. h4 a5 29. a4 Ke7 30. h5 Nd6 31. b3 Ne4+ 32. Ke3 Nf6 33. Kd2 Nd7 34. Nd3 Nf6 35. Ne5 Nd7 36. Nxd7 Kxd7 37. Ke3 Ke7 38. f5 exf5 39. gxf5 Kf6 40. Kf4 h6 41. Kg4 Kf7 42. Kf3 Ke7 43. Ke3 1/2-1/2

[Event "Corr"]
[Site "?"]
[Date "1998.01.05"]
[Round "?"]
[White "Gerhardt Frank (GER)"]
[Black "Valerio Giuseppe (ENG)"]
[Result "0-1"]
[WhiteElo "2560"]
[BlackElo "2565"]
[PlyCount "56"]
[EventDate "1998.??.??"]
[Source "www.chesslib.no"]
[SourceDate "2004.05.04"]

1. e4 e6 2. d4 d5 3. Nd2 Nf6 4. e5 Nfd7 5. c3 c5 6. Bd3 Nc6 7. Ne2 cxd4 8. cxd4 f6 9. exf6 Nxf6 10. Nf3 Bd6 11. O-O Qb6 12. Nc3 O-O 13. Be3 Bd7 14. a3 Be8 15. Qc2 h6 16. h3 Rc8 17. b4 Bh5 18. Na4 Qd8 19. Qd1 Bb8 20. Be2 Qd6 21. Re1 Ne4 22. b5 Rxf3 23. Bxf3 Qh2+ 24. Kf1 Rf8 25. bxc6 Qh1+ 26. Ke2 Bxf3+ 27. Kd3 Nxf2+ 28. Bxf2 Qxg2 0-1

[Event "Tch (Men) 2005/2006 CZE"]
[Site "?"]
[Date "2005.11.06"]
[Round "4"]
[White "Mista Aleksander"]
[Black "Navara David"]
[Result "0-1"]
[WhiteElo "2479"]
[BlackElo "2646"]
[PlyCount "70"]
[EventDate "2005.??.??"]
[Source "www.chesslib.no"]
[SourceDate "2004.05.04"]

1. e4 e6 2. d4 d5 3. Nd2 Nf6 4. e5 Nfd7 5. Bd3 c5 6. c3 Nc6 7. Ne2 cxd4 8. cxd4 f6 9. exf6 Nxf6 10. O-O Bd6 11. Nf3 Qc7 12. Bg5 O-O 13. Bh4 Nh5 14. Nc3 a6 15. Re1 g6 16. Rc1 Qg7 17. Bb1 Bd7 18. Rc2 Rxf3 19. gxf3 Nxd4 20. Rd2 Bc5 21. Bg3 Rf8 22. Rd3 Qf6 23. Kg2 Nf4+ 24. Bxf4 Qxf4 25. Ne4 Bb6 26. Ng3 e5 27. Rde3 Kh8 28. Qd3 e4 29. Qc3 Rf6 30. Nxe4 dxe4 31. Bxe4 Bc7 32. Rh1 Bb5 33. h4 Ne2 34. Qc5 Ng3 35. Bxb7 Nxh1 0-1